000 00994nam a2200229Ii 4500
003 JO-AjNU
008 230605s9999||||xx |||||||||||||| ||und||
017 _a2011/9/3525
020 _a978-9957-19-044-6
040 _aJO-AjNU
_bara
_erda
_cJO-AjNU
041 _aara
050 1 4 _aPJ7561.H37 2011
100 3 _a تحرير ومراجعة وإشراف غصيب، همام......وآخرون,
_eauthor
_949604
245 0 0 _aحصاد القرآن المنجزات العلمية والإنسانية في القرن العشرين: العلوم الأساسية والتكنولوجية، مج3
250 _aط1
264 3 1 _aعمان:مؤسسة عبد الحميد شومان،2011/بيروت:المؤسسة العربية للدراسات والنشر،2011
300 _aمج3، 791ص
336 _atext
_btxt
_2rdacontent
337 _aunmediated
_bn
_2rdamedia
338 _avolume
_bnc
_2rdacarrier
650 4 _aالعالم-تاريخ- القرن العشرون-القرآن
_949605
999 _aA21797
_c25365
_d25365